Countries on Ring of Fire - Statistics

General Stats
  • This quiz has been taken 24 times
  • The average score is 26 of 35
Answer Stats
Answer % Correct
United States of America
100%
Colombia
95%
Japan
95%
Argentina
91%
Chile
91%
Indonesia
91%
Mexico
91%
Peru
91%
New Zealand
86%
Panama
86%
Canada
82%
Costa Rica
82%
Ecuador
82%
Philippines
82%
El Salvador
77%
Fiji
77%
Nicaragua
77%
Belize
73%
Bolivia
68%
Brazil
68%
Guatemala
68%
Honduras
68%
Malaysia
68%
Papua New Guinea
68%
Russia
68%
Samoa
68%
Solomon Islands
68%
Tuvalu
68%
Tonga
64%
East Timor
59%
Federated States of Micronesia
59%
Brunei
55%
Palau
55%
Singapore
55%
Kiribati
50%
No matching quizzes found
Score Distribution
Percent of People with Each Score
Percentile by Number Answered
Your Score History
You have not taken this quiz